Small-scale livestock farming (Record no. 18700)

000 -LEADER
fixed length control field 01045nam a2200217Ka 4500
020 ## - INTERNATIONAL STANDARD BOOK NUMBER
ISBN 9781603427340
020 ## - INTERNATIONAL STANDARD BOOK NUMBER
ISBN 1603427341
040 ## - CATALOGING SOURCE
Transcribing agency TEFOD
082 04 - DEWEY DECIMAL CLASSIFICATION NUMBER
Classification number 636 STO 1999 C151 Or.
100 1# - MAIN ENTRY--AUTHOR NAME
Personal name Ekarius, Carol.
245 10 - TITLE STATEMENT
Title Small-scale livestock farming
Remainder of title a grass-based approach for health, sustainability, and profit /
260 ## - PUBLICATION, DISTRIBUTION, ETC. (IMPRINT)
Place of publication Pownal, Vt. :
Name of publisher Storey Books,
Year of publication c1999.
300 ## - PHYSICAL DESCRIPTION
Number of Pages 1 online resource (vi, 217 p.) :
Other physical details ill.
520 ## - SUMMARY, ETC.
Summary, etc Ekarius's natural, organic approach to livestock management produces healthier animals, reduces feed and healthcare costs, and maximizes your profit. Through case studies of successful farmers, nitty-gritty details on every facet of livestock farming, and fascinating insights for working with nature instead of against it, you'll learn to make your farm thrive.
650 #0 - SUBJECT ADDED ENTRY--TOPICAL TERM
Topical Term Livestock.
650 #0 - SUBJECT ADDED ENTRY--TOPICAL TERM
Topical Term Livestock
650 #0 - SUBJECT ADDED ENTRY--TOPICAL TERM
Topical Term Farm management.
650 #0 - SUBJECT ADDED ENTRY--TOPICAL TERM
Topical Term Electronic books.
856 40 - ELECTRONIC LOCATION AND ACCESS
Uniform Resource Identifier http://dbooks.wplc.info/ContentDetails.htm?ID=5EC7F952-E770-4234-BF6F-542729B6BC39
942 ## - ADDED ENTRY ELEMENTS (KOHA)
Koha item type ADB
952 ## - LOCATION AND ITEM INFORMATION (KOHA)
Withdrawn status [LOCAL, KOHA] 0
Holdings
Source of acquisition Permanent Location Date acquired Koha item type Lost status Shelving location Current Location Full call number
A33553Library Block C2020-01-13សៀវភៅភាសាអង់គ្លេស C151Library Block C636 STO 1999 C151 Or.
មជ្ឈមណ្ឌលឯការនៃសាកលវិទ្យាល័យភូមិន្ទកសិកម្មចំការដូង

Powered by Koha